Failure mode and effect analysis method in integrated risk management

Riadenie a výsledky hodnotenia riadenia rizík v automobilovom priemysle. Systémy manažérstva kvality v automobilových podnikoch a v podnikoch produkujúcich náhradné diely. Koncept integrovaného systému riadenia rizík podľa súčasných i pripravovaných noriem ISO.

Salvato in:
Dettagli Bibliografici
Autore principale: Štofová, Lenka, 1989-
Altri autori: Szaryszová, Petra, 1984-
Natura: Capitolo di libro
Lingua:inglese
Soggetti:
Tags: Aggiungi Tag
Nessun Tag, puoi essere il primo ad aggiungerne!!

MARC

LEADER 00000nla a2200000 4500
001 0215781
005 20240502073610.7
041 0 |a eng 
044 |a SK 
245 1 0 |a Failure mode and effect analysis method in integrated risk management  |c Lenka Štofová, Petra Szaryszová 
520 |a Riadenie a výsledky hodnotenia riadenia rizík v automobilovom priemysle. Systémy manažérstva kvality v automobilových podnikoch a v podnikoch produkujúcich náhradné diely. Koncept integrovaného systému riadenia rizík podľa súčasných i pripravovaných noriem ISO. 
610 2 0 |a riadenie rizík 
610 2 0 |a risk management 
610 2 0 |a riadenie kvality 
610 2 0 |a systémy integrované manažérske 
610 2 0 |a kontrola výroby 
610 2 0 |a bezpečnosť práce 
610 2 0 |a normy ISO 
100 1 |a Štofová, Lenka, 1989- 
700 1 |a Szaryszová, Petra, 1984-